<?xml version="1.0" encoding="UTF-8"?>
<record
    xmlns:xsi="http://www.w3.org/2001/XMLSchema-instance"
    xsi:schemaLocation="http://www.loc.gov/MARC21/slim http://www.loc.gov/standards/marcxml/schema/MARC21slim.xsd"
    xmlns="http://www.loc.gov/MARC21/slim">

  <leader>01093nam a22002177a 4500</leader>
  <datafield tag="999" ind1=" " ind2=" ">
    <subfield code="c">138581</subfield>
    <subfield code="d">138579</subfield>
  </datafield>
  <controlfield tag="005">20180226084649.0</controlfield>
  <controlfield tag="008">131125t       mx ||||| |||| 00| 0 spa d</controlfield>
  <datafield tag="020" ind1=" " ind2=" ">
    <subfield code="a">9681660250</subfield>
  </datafield>
  <datafield tag="050" ind1="0" ind2="4">
    <subfield code="a">JL1247 </subfield>
    <subfield code="b">M63 2000</subfield>
  </datafield>
  <datafield tag="100" ind1="1" ind2=" ">
    <subfield code="a">Moctezuma Barrag&#xE1;n, Esteban</subfield>
  </datafield>
  <datafield tag="245" ind1="1" ind2="3">
    <subfield code="a">Por un gobierno con resultados :</subfield>
    <subfield code="b">El servicio civil de carrera: un sistema integral de profesionalizaci&#xF3;n, evaluaci&#xF3;n y desempe&#xF1;o de los servidores p&#xFA;blicos en M&#xE9;xico /</subfield>
    <subfield code="c">Esteban Moctezuma Barrag&#xE1;n y Andr&#xE9;s Roemer.</subfield>
  </datafield>
  <datafield tag="250" ind1=" " ind2=" ">
    <subfield code="a">2a reimp.</subfield>
  </datafield>
  <datafield tag="260" ind1=" " ind2=" ">
    <subfield code="a">M&#xE9;xico :</subfield>
    <subfield code="b">Academia Metropolitana : Centro de Estrategia y Desarrollo : Sociedad Mexicana de Geograf&#xED;a y Estad&#xED;stica </subfield>
    <subfield code="c">2000</subfield>
  </datafield>
  <datafield tag="300" ind1=" " ind2=" ">
    <subfield code="a">318 p. :</subfield>
    <subfield code="b">il.</subfield>
    <subfield code="c">21 cm.</subfield>
  </datafield>
  <datafield tag="490" ind1="0" ind2=" ">
    <subfield code="a">Obras de Administraci&#xF3;n P&#xFA;blica</subfield>
  </datafield>
  <datafield tag="500" ind1=" " ind2=" ">
    <subfield code="a">Coedici&#xF3;n con: Centro de Estrategia y Desarrollo, Sociedad Mexicana de Geograf&#xED;a y Estad&#xED;stica y Fondo de Cultura Econ&#xF3;mica</subfield>
  </datafield>
  <datafield tag="650" ind1=" " ind2="4">
    <subfield code="a">Funci&#xF3;n p&#xFA;blica </subfield>
    <subfield code="z">Am&#xE9;rica Latina</subfield>
    <subfield code="2">Lemb</subfield>
    <subfield code="x">Funci&#xF3;n p&#xFA;blica </subfield>
  </datafield>
  <datafield tag="651" ind1=" " ind2="4">
    <subfield code="x">Funcionarios y empleados p&#xFA;blicos</subfield>
    <subfield code="a">M&#xE9;xico</subfield>
  </datafield>
  <datafield tag="700" ind1="1" ind2=" ">
    <subfield code="a">Roemer, Andr&#xE9;s,</subfield>
    <subfield code="e">coaut.</subfield>
  </datafield>
  <datafield tag="942" ind1=" " ind2=" ">
    <subfield code="2">lcc</subfield>
    <subfield code="c">LIB</subfield>
  </datafield>
  <datafield tag="952" ind1=" " ind2=" ">
    <subfield code="1">0</subfield>
    <subfield code="2">lcc</subfield>
    <subfield code="4">0</subfield>
    <subfield code="7">0</subfield>
    <subfield code="a">LIC-020</subfield>
    <subfield code="b">LIC-020</subfield>
    <subfield code="c">GENERAL</subfield>
    <subfield code="d">2018-02-26</subfield>
    <subfield code="f">2a reimp.</subfield>
    <subfield code="k">CA</subfield>
    <subfield code="o">JL1247 M63 r2000</subfield>
    <subfield code="p">BFF000028951</subfield>
    <subfield code="r">2018-02-26 00:00:00</subfield>
    <subfield code="t">1</subfield>
    <subfield code="y">LIB</subfield>
  </datafield>
</record>
